Statistics for Disney Channel Characters

Click here to take the quiz!

General Stats

  • This quiz has been taken 210 times
  • The average score is 3 of 10

Answer Stats

Hint Answer % Correct
from ANT Farm: an artist: likes ChinaFletcher
67%
from Liv & Maddie: twin sister: likes basketballMaddie
60%
from Austin & Ally: songwriter: plays pianoAlly
60%
from Dog With A Blog: talking dogStan
40%
from Good Luck Charlie: trouble maker: one of the sonsGabe
33%
from JESSIE: butler: doesn't like cleaningBurtrum
21%
from Good Luck Charlie: youngest: Charlie's little brotherToby
7%
from Dog With A Blog: red head: youngestCloe
4%
from Wonder Over Yonder: Wonder's best friendSilvia
3%
Fish Hooks: octopus: jockJocktopus
2%

Score Distribution

Percentile by Number Answered

Percent of People with Each Score

Your Score History

You have not taken this quiz